logo

Bir Sreshtho Munshi Abdur Rouf Library
Jhenaidah Cadet College

Man Against Nature / (Record no. 6485)

MARC details
000 -LEADER
fixed length control field 00496nam a2200205 a 4500
001 - CONTROL NUMBER
JCCL Control Number 6485
003 - CONTROL NUMBER IDENTIFIER
JCCL marc code BD-JhCC
005 - DATE AND TIME OF LATEST TRANSACTION
control field 20180125184607.0
008 - FIXED-LENGTH DATA ELEMENTS--GENERAL INFORMATION
fixed length control field 180123s1964 uk |||| |||| 000 0 eng d
035 ## - SYSTEM CONTROL NUMBER
system control number (BD-JhCC)
040 ## - CATALOGING SOURCE
Original cataloging agency BD-JhCC
Modifying agency BD-JhCC
041 ## - LANGUAGE CODE
Language code of Book eng
082 ## - DEWEY DECIMAL CLASSIFICATION NUMBER
Classification number 574.509931
Author mark and Year WYM 1964
100 ## - MAIN ENTRY--PERSONAL NAME
Personal name Wymer, Norman
245 ## - TITLE STATEMENT
Title Man Against Nature /
Statement of responsibility, etc Norman Wymer
260 ## - PUBLICATION, DISTRIBUTION, ETC. (IMPRINT)
Place of publication, distribution, etc London:
Name of publisher, distributor, etc Longman;
Date of publication, distribution, etc 1964
300 ## - PHYSICAL DESCRIPTION
Pagination 97 p;,
Dimensions 20 cm
650 ## - SUBJECT ADDED ENTRY--TOPICAL TERM
Topical term or geographic name as entry element Natural History
942 ## - ADDED ENTRY ELEMENTS (KOHA)
Source of classification or shelving scheme Dewey Decimal Classification
Koha item type Books
Holdings
Source of classification or shelving scheme Damaged status Not for loan Home library Current library Shelving location Total Checkouts Full call number Barcode Date last seen Copy number Koha item type
Dewey Decimal Classification     JCC Rouf Library JCC Rouf Library General Stacks   574.509931 WYM 1964 8685 01/23/2018 C - 1 Books

JCC Library | Contacts | JCC Home

Last Update on 23 September 2017
Copyright @ 2017-2020 JCC Rouf Library
Rouf Library, Jhenidah Cadet College (JCC), Bangladesh